000
00303nam a22001337a 4500
008
180914b xxu||||| |||| 00| 0 eng d
020
_a
9780632043392
041
_a
eng
080
_a
612.39
100
_a
10
101
_a
NUT
245
_a
Medical Nutrition Dasease
_c
Morrison.G
942
_2
udc
_c
BK
999
_c
47751
_d
47751